Statistiques concernant Le Mot Secret #1

Cliquez ici pour prendre le quiz!

Statistiques générales

  • Ce quiz a été pris 422 fois
  • Le résultat moyen est 6 sur 9

Statistiques - réponses

IndiceRéponse% Correct
Confiserie très appréciée dans les fêtes foraines ou au cirque, dont l'aspect rappelle celui du cotonBarbe à papa
93%
Solide, liquide ou encore gazeuxEau
83%
Déplacement de l'atmosphère controlé par Eole dans la mythologie grecqueVent
79%
Symbole noir mais qui n'est pas le trèflePique
62%
Autre nom du léopardPanthère
61%
Avec "Ben Hur" et le troisième volet du "Seigneur des anneaux", ce film détient le record du nombre d'OscarsTitanic
60%
Préfecture de la Haute-GaronneToulouse
60%
Dramaturge et poète français, auteur notamment d'oeuvres comme "Andromaque" en 1667 ou Britannicus en 1669 (Nom de famille)Racine
50%
Mot secretRose
29%

Distribution des résultats

Percentile par nombre de réponses

% des personnes avec chaque résultat

Votre développement - résultats

Vous n’avez pas pris ce quiz